000
00324nam a22001457a 4500
008
210507b ||||| |||| 00| 0 eng d
020
_a
0138272530
041
_a
eng
080
_a
070
082
_a
070
100
_a
39
101
_a
MED
245
_a
Speech Exploring Communication
_c
J. Regis O'Connor
942
_2
udc
_c
BK
999
_c
57098
_d
57098